000 00347 a2200157 4500
001 65376
020 _a9788568263556
040 _cAnchieta - Pituba
100 _aMunhóz, Carolina
240 1 0 _aPor um toque de magia
_l
245 1 0 _aPor um toque de magia
300 _a271
362 0 _a2017
650 4 _aFicção brasileira
942 _cBK
999 _c65376
_d65376